Năng lực cạnh tranh của doanh nghiệp nhỏ và vừa, nghiên cứu điển hình trên địa bàn tỉnh Lâm Đồng : Luận văn Thạc sĩ Quản trị kinh doanh /

Uloženo v:
Podrobná bibliografie
Hlavní autor: Phạm Văn Trung.
Další autoři: Nguyễn Minh Tuấn, PGS.TS. (hướng dẫn.)
Médium: Diplomová práce
Jazyk:Vietnamese
Vydáno: Đà Lạt : Trường Đại học Đà Lạt, 2019.
Tagy: Přidat tag
Žádné tagy, Buďte první, kdo otaguje tento záznam!
Thư viện lưu trữ: Thư viện Trường Đại học Đà Lạt
LEADER 01041nam a2200289 4500
001 DLU200194604
005 ##20200327
040 # # |a DLU  |b vie 
041 # # |a vie 
044 # # |a vn 
082 # # |a 338.604 8  |b PH-T 
100 # # |a Phạm Văn Trung. 
245 # # |a Năng lực cạnh tranh của doanh nghiệp nhỏ và vừa, nghiên cứu điển hình trên địa bàn tỉnh Lâm Đồng :  |b Luận văn Thạc sĩ Quản trị kinh doanh /  |c Phạm Văn Trung; Nguyễn Minh Tuấn hướng dẫn. 
260 # # |a Đà Lạt :  |b Trường Đại học Đà Lạt,  |c 2019. 
300 # # |a 142 tr. ;  |c 29 cm.  
504 # # |a Tài liệu tham khảo: tr. 77-82. 
700 # # |a Nguyễn Minh Tuấn,  |c PGS.TS.  |e hướng dẫn. 
915 # # |a Quản trị kinh doanh  |b 8340101  |c Thạc sĩ  |d Trường Đại học Đà Lạt  |e Bộ Giáo dục và Đào tạo. 
992 # # |a 0 
994 # # |a DLU 
900 # # |a True 
911 # # |a Hoàng Thị Huyền 
925 # # |a G 
926 # # |a A 
927 # # |a LA 
980 # # |a Thư viện Trường Đại học Đà Lạt